000
00319nam a2200121Ia 4500
008
231129s9999||||xx |||||||||||||| ||spa||
020
_a
958-02-0657-0
040
_b
spa
082
_a
468 T143
245
0
_a
Talento: Castellano y literatura
264
_a
Voluntad
942
_2
ddc
_c
BKS
999
_c
24969
_d
24969